| 000 | 00499cam a2200193ua 4500 | ||
|---|---|---|---|
| 020 | _cRs 27.00 | ||
| 041 |
_aeng _h |
||
| 082 |
_a510.2462 _bCHI/CO |
||
| 100 | _aChirgwin, B H . | ||
| 245 |
_aCourse of mathematics for engineers and scientists / _cB H Chirgwin. _hTextual Documents |
||
| 250 |
_a4 / _b. |
||
| 260 |
_aOxford : _bPergamon Press , _c1964. |
||
| 300 | _a353 ; . | ||
| 365 | _aRs 27.00 | ||
| 504 | _a | ||
| 700 | 1 | _aPlumpton, C . | |
| 942 | _cBK | ||
| 999 |
_c1973 _d1973 |
||